| 000 | 00923cam a2200229 a 4500 | ||
|---|---|---|---|
| 001 | 000006925 | ||
| 005 | 20200929154025.0 | ||
| 008 | 010326s1956 sp 001 s spa d | ||
| 040 |
_aDO-SdBNP _bspa _cDLC _dBNPHU |
||
| 082 |
_a868.68 _bM379h |
||
| 100 | 1 |
_aMartín Artajo, Alberto. _919197 |
|
| 245 | 1 | 0 |
_aHacia la comunidad hispánica de naciones / _cdiscursos del Excm. señor Ministro de Asuntos Exteriores D. Alberto Martín Artajo desde 1945 a 1955. |
| 260 |
_aMadrid, España : _bEdiciones Cultura Hispánica, _c1956. |
||
| 300 |
_a141, xi p. ; _c22 cm. |
||
| 500 | _aApendice: discurso pronunciado ... Madrid, 12 de octubre de 1956 (p. [i]-xi). | ||
| 600 | 1 | 4 |
_aMARTÍN ARTAJO, ALBERTO, _xDISCURSOS _919198 |
| 650 | 4 |
_aHispanidad _919199 |
|
| 651 | 4 |
_aAmérica Latina _xRelaciones _zEspaña _919200 |
|
| 651 | 4 |
_aEspaña _xRelaciones _zAmérica Latina _919201 |
|
| 910 | _aCatalogación por copia / LC | ||
| 049 | _aBNGR | ||
| 999 |
_c6709 _d6709 |
||